Biblioteca

Jesus in the gospels : A biblical christology / Rudolf Schnackenburg ; Translated by O. C. Dean, Jr. (Registro nro. 46183)

Detalles MARC
000 -LÍDER
Campo fijo de descripción fija 009070000a22002170004500
020 ## - NÚMERO INTERNACIONAL NORMALIZADO PARA LIBROS
Número Internacional Normalizado del libro 0-664-22059-2
082 04 - NÚMERO DE CLASIFICACIÓN DECIMAL DEWEY
Número de clasificación G 232 S357j
001 - NÚMERO DE CONTROL
Campo de control 19822
100 1# - ASIENTO PRINCIPAL--NOMBRE PERSONAL
Nombre personal Schnackenburg, Rudolf
245 10 - TÍTULO
Título del Material Jesus in the gospels : A biblical christology / Rudolf Schnackenburg ; Translated by O. C. Dean, Jr.
260 ## - PUBLICACIÓN, DISTRIBUCIÓN, ETC. (PIE DE IMPRENTA)
Lugar de publicación, distribución, etc. Louisville, Kentucky : Westminster John Knox Press
300 ## - DESCRIPCIÓN FÍSICA
Extensión xv, 383 páginas
336 ## - CONTENT TYPE
Content type term texto
Content type code txt
Source rdacontent
337 ## - MEDIA TYPE
Source rdamedia
Media type term sin mediación
Media type code n
338 ## - CARRIER TYPE
Source rdacarrier
Carrier type term volumen
Carrier type code nc
500 ## - NOTA GENERAL
Nota General Título original en alemán: Die Person Jesu Christi im Spiegel der vier Evangelien \ Incluye índice (p. 372-383)
501 ## - NOTA DE “CON”
Nota de Contenido Pasta dura
505 00 - NOTA DE CONTENIDO
Nota de contenido con formato preestablecido Fe e historia - Marcos - Mateo - Lucas - Juan - El evangelio en cuatro formas como un testimonio múltiple y todavía unificado a Cristo
650 14 - ASIENTO SECUNDARIO DE MATERIA - TERMINO TEMÁTICO
Término temático o nombre geográfico como elemento de entrada Cristología \ Teología Bíblica N.T. - Evangelios
942 ## - TIPO DE MATERIAL (KOHA)
Tipo de Item KOHA Libros General
Existencias
Estado de Material Estado de Perdido Estado de Dañado No para Préstamo Colección Tomo Biblioteca de Origen Biblioteca Permanente Fecha de Adquisición Total de Préstamos Signatura Topográfica Código de Barras Última vez visto Última vez Préstado Ejemplar/Existencia Fecha de Remplazo Tipo de Material
        Colección General   Biblioteca FUSBC Biblioteca FUSBC 19/05/2015 2 G 232 S357j 19897 12/12/2019 25/04/2016 1 26/01/2016 Libros General

Biblioteca FUSBC | Teléfono: (57+4) 349 88 10 Ext. 141| WhatsApp (+57) 3005338115 
E-mail: biblioteca@unisbc.edu.co | Calle 76 87-14 Robledo Palenque, Medellín, Colombia

Con tecnología Koha